Patriot : Jihlava ve fotografiích Johanna Haupta /

Main Author: Haupt, Johannes, 1849-1928
Corporate Author: Radnice (budova : Jihlava, Česko)
Other Authors: Petrůjová, Jana, Koumar, Jakub
Language: Czech
Published: Jihlava : Statutární město Jihlava, 2018
Edition: 1. vydání
Subjects:
Physical Description: 23 stran : ilustrace, portréty, faksimile ; 22 cm
Book
Saved in:
LEADER 02283nam a2200577 i 4500
001 nkc20183020080
003 CZ PrNK
005 20181105105220.0
007 ta
008 180815s2018 xr ach e c 000 0dcze
020 |a 978-80-88003-27-4  |q (brožováno) 
040 |a ABA001  |b cze  |d OLA001  |e rda 
043 |a e-xr---  |b e-xr-vy  |2 czenas 
045 |a w-x- 
072 7 |a 94(437)  |x Dějiny Česka a Slovenska  |2 Konspekt  |9 8 
080 |a 77.039  |2 MRF 
080 |a 94(437.324)  |2 MRF 
080 |a (084.12)  |2 MRF 
080 |a (083.824)  |2 MRF 
100 1 |a Haupt, Johannes,  |d 1849-1928  |7 mzk2006348634  |4 art 
245 1 0 |a Patriot :  |b Jihlava ve fotografiích Johanna Haupta /  |c autoři textové části: Jana Petrůjová a Jakub Koumar 
246 3 |a Johann Haupt - Patriot 
246 3 0 |a Jihlava ve fotografiích Johanna Haupta 
250 |a 1. vydání 
264 1 |a Jihlava :  |b Statutární město Jihlava,  |c 2018 
300 |a 23 stran :  |b ilustrace, portréty, faksimile ;  |c 22 cm 
336 |a text  |b txt  |2 rdacontent 
336 |a statický obraz  |b sti  |2 rdacontent 
337 |a bez média  |b n  |2 rdamedia 
338 |a svazek  |b nc  |2 rdacarrier 
500 |a Katalog ke stejnojmenné výstavě konané v podzemních prostorách jihlavské radnice ve dnech 4.7.-31.8.2018 
500 |a 200 výtisků 
504 |a Obsahuje bibliografii 
600 1 7 |a Haupt, Johannes,  |d 1849-1928  |7 mzk2006348634  |2 czenas 
648 7 |a 19.-20. století  |7 ch757015  |2 czenas 
650 0 7 |a historické fotografie  |7 ph135159  |z Česko  |y 19.-20. století  |2 czenas 
650 0 9 |a historical photographs  |z Czechia  |y 19th-20th centuries  |2 eczenas 
651 7 |a Jihlava (Česko)  |7 ge129468  |x dějiny  |2 czenas 
651 9 |a Jihlava (Czechia)  |x history  |2 eczenas 
655 7 |a fotografické publikace  |7 fd132276  |2 czenas 
655 7 |a katalogy výstav  |7 fd132536  |2 czenas 
655 9 |a photographical works  |2 eczenas 
655 9 |a exhibition catalogs  |2 eczenas 
700 1 |a Petrůjová, Jana  |7 jx20110725018  |4 aut 
700 1 |a Koumar, Jakub  |4 aut 
710 2 |a Radnice (budova : Jihlava, Česko)  |7 mzk2006341033  |4 orm 
910 2 |a BOA001  |b 2-1416.518 
990 |a BK 
995 |a 11 
991 |b 201811  |c NOV 
996 6 |b 2610759491  |c 2-1416.518  |l MZK  |r Sklad / do 1 hodiny  |n 0  |p p.v.  |w 001693042  |u 000010  |a 1  |e BOA001  |j MZK50  |s P